[Event "San Cristobal de La Laguna op 2nd"]
[Site "San Cristobal de la Laguna"]
[Date "2019.09.08"]
[Round "9"]
[White "Grundhammer, Gerhard"]
[Black "May, Juergen"]
[Result "0-1"]
[WhiteElo "1805"]
[BlackElo "1990"]
[PlyCount "62"]
[EventDate "2019.08.31"]
[EventType "swiss"]
[EventRounds "9"]
[EventCountry "ESP"]
[SourceTitle "EXT 2020"]
[Source "ChessBase"]
[SourceDate "2019.10.17"]
[SourceVersion "1"]
[SourceVersionDate "2019.10.17"]
[SourceQuality "1"]

1. d4 Nf6 2. Bg5 d6 3. e3 Nbd7 4. Bc4 c6 5. Nd2 e6 6. c3 Be7 7. Qc2 0-0 8. h3 b5 9. Bd3 Bb7 10. Ne2 a6 11. Ng3 h6 12. Bxf6 Nxf6 13. 0-0 Qc7 14. f4 Rac8 15. Rae1 c5 16. a3 Rfe8 17. Nge4 Nd5 18. Qd1 f5 19. Nf2 g6 20. g3 Nf6 21. Be2 e5 22. dxe5 dxe5 23. Nd3 Bd6 24. Kh2 e4 25. Nf2 Nd5 26. Bxb5 axb5 27. Qb3 Qb6 28. c4 bxc4 29. Qxc4 Qa6 30. Qc1 c4 31. g4 Nxe3 0-1

[Event "San Cristobal de La Laguna op 2nd"]
[Site "San Cristobal de la Laguna"]
[Date "2019.09.07"]
[Round "8"]
[White "May, Juergen"]
[Black "Hernandez Leon, Sergio"]
[Result "0-1"]
[WhiteElo "1990"]
[BlackElo "2088"]
[PlyCount "110"]
[EventDate "2019.08.31"]
[EventType "swiss"]
[EventRounds "9"]
[EventCountry "ESP"]
[SourceTitle "EXT 2020"]
[Source "ChessBase"]
[SourceDate "2019.10.17"]
[SourceVersion "1"]
[SourceVersionDate "2019.10.17"]
[SourceQuality "1"]

1. e4 e5 2. Nf3 Nc6 3. Bb5 a6 4. Ba4 Nf6 5. d3 d6 6. c3 g6 7. 0-0 Bg7 8. Re1 0-0 9. Nbd2 Nd7 10. Nf1 Nc5 11. Bc2 Ne6 12. Ne3 a5 13. Bb3 Kh8 14. Nd5 f5 15. Ba4 f4 16. a3 b5 17. Bc2 g5 18. h3 Rb8 19. b4 axb4 20. axb4 Qe8 21. Bb2 Ncd8 22. Ra7 Rf7 23. c4 c6 24. Rxf7 Nxf7 25. Nc3 bxc4 26. dxc4 Rxb4 27. Qa1 Rxc4 28. Bb3 Rb4 29. Qa2 Rb7 30. Rd1 Bf6 31. Bc4 Kg7 32. Ba3 Nd4 33. Nh2 Be6 34. Ng4 h5 35. Nxf6 Kxf6 36. Ra1 Ra7 37. Bxe6 Qxe6 38. Qb2 Qb3 39. Qxb3 Nxb3 40. Ra2 Ke6 41. Nb1 Rb7 42. Nc3 Nd4 43. f3 Rb3 44. Na4 Nb5 45. Bb2 Nd8 46. Kf2 c5 47. Ra1 Nc6 48. Kf1 Nb4 49. Bc1 c4 50. Nb6 c3 51. Ra5 Nd3 52. Nd5 Kd7 53. Ke2 Nxc1+ 54. Kd1 Nd3 55. Kc2 Nc5 0-1

[Event "Baden-ch U2000"]
[Site "Walldorf"]
[Date "2017.07.30"]
[Round "7"]
[White "Sauter, Claus"]
[Black "May, Juergen"]
[Result "0-1"]
[WhiteElo "1825"]
[BlackElo "1990"]
[PlyCount "80"]
[EventDate "2017.07.26"]
[EventType "swiss"]
[EventRounds "7"]
[EventCountry "GER"]
[SourceTitle "EXT 2018"]
[Source "ChessBase"]
[SourceDate "2017.10.13"]
[SourceVersion "1"]
[SourceVersionDate "2017.10.13"]
[SourceQuality "1"]

1. c4 d6 2. Nc3 g6 3. d4 Bg7 4. e4 Nf6 5. Nf3 0-0 6. Be2 Nbd7 7. h3 e5 8. d5 Nc5 9. Qc2 a5 10. Be3 Qe7 11. 0-0-0 Bd7 12. Rdg1 Na6 13. Qd2 Nh5 14. Bg5 f6 15. g4 Nf4 16. Bxf4 exf4 17. Qxf4 Nc5 18. Nd2 a4 19. Kc2 a3 20. b3 Na6 21. Qe3 Rfe8 22. Rg3 Nb4+ 23. Kb1 Na6 24. f4 f5 25. gxf5 Bxf5 26. Bg4 Bxc3 27. Bxf5 Bg7 28. Be6+ Kh8 29. e5 Nc5 30. exd6 cxd6 31. Kc1 Qf6 32. f5 Qa1+ 33. Kc2 Qxa2+ 34. Kd1 Qa1+ 35. Ke2 Qxh1 36. f6 Qh2+ 37. Kd1 Nxe6 38. Rxg6 hxg6 39. dxe6 a2 40. fxg7+ Kxg7 0-1

[Event "Baden-ch U2000"]
[Site "Walldorf"]
[Date "2017.07.26"]
[Round "1"]
[White "May, Juergen"]
[Black "Schaefer, Wolfgang"]
[Result "1/2-1/2"]
[WhiteElo "1990"]
[BlackElo "1877"]
[PlyCount "52"]
[EventDate "2017.07.26"]
[EventType "swiss"]
[EventRounds "7"]
[EventCountry "GER"]
[SourceTitle "EXT 2018"]
[Source "ChessBase"]
[SourceDate "2017.10.13"]
[SourceVersion "1"]
[SourceVersionDate "2017.10.13"]
[SourceQuality "1"]

1. e4 d6 2. d4 Nf6 3. Nc3 g6 4. Be3 Bg7 5. Qd2 c6 6. Nf3 Qc7 7. h3 e5 8. dxe5 dxe5 9. Bc5 Bf8 10. Bxf8 Rxf8 11. 0-0-0 Nbd7 12. Kb1 b6 13. Bd3 Bb7 14. Qg5 0-0-0 15. Rhe1 Ng8 16. h4 f6 17. Qe3 Nc5 18. Ng1 Nxd3 19. cxd3 Ba6 20. Nf3 Rd7 21. d4 Rfd8 22. dxe5 Rxd1+ 23. Rxd1 Rxd1+ 24. Nxd1 fxe5 25. Kc2 Nf6 26. Qa3 Kb7 1/2-1/2

[Event "Verbandsliga Nordbaden 1617"]
[Site "Baden"]
[Date "2017.05.14"]
[Round "9.5"]
[White "Von Kortzfleisch, Ruben"]
[Black "May, Juergen"]
[Result "1/2-1/2"]
[WhiteElo "1618"]
[BlackElo "1995"]
[PlyCount "26"]
[EventDate "2016.10.09"]
[EventType "team-tourn"]
[EventRounds "9"]
[EventCountry "GER"]
[SourceTitle "EXT 2022"]
[Source "ChessBase"]
[SourceDate "2021.10.06"]
[SourceVersion "1"]
[SourceVersionDate "2021.10.06"]
[SourceQuality "1"]
[WhiteTeam "Bad Mergentheim II"]
[BlackTeam "Hockenheim II"]
[WhiteTeamCountry "GER"]
[BlackTeamCountry "GER"]

1. e4 c5 2. b3 Nc6 3. Bb2 d6 4. Bb5 Bd7 5. d3 e6 6. f4 Nf6 7. Nf3 Be7 8. 0-0 0-0 9. Nbd2 a6 10. Bxc6 Bxc6 11. e5 Nd5 12. Nc4 Nxf4 13. exd6 Bf6 1/2-1/2

[Event "St Leon Rot op"]
[Site "St Leon Rot"]
[Date "2011.12.27"]
[Round "1"]
[White "May, Juergen"]
[Black "Gottschall, Lorenz"]
[Result "1-0"]
[WhiteElo "2023"]
[BlackElo "1464"]
[PlyCount "63"]
[EventDate "2011.12.27"]
[EventType "swiss"]
[EventRounds "7"]
[EventCountry "GER"]
[SourceTitle "CBM 146 Extra"]
[Source "ChessBase"]
[SourceDate "2012.02.29"]
[SourceVersion "1"]
[SourceVersionDate "2012.02.29"]
[SourceQuality "1"]

1. e4 e5 2. Nf3 d6 3. d4 exd4 4. Nxd4 c5 5. Nf3 Nc6 6. Nc3 Bg4 7. h3 Bxf3 8. Qxf3 Nf6 9. Be3 a6 10. g4 g6 11. 0-0-0 b6 12. Bg5 Bg7 13. Nd5 Nd4 14. Nxf6+ Qxf6 15. Qxf6 Bxf6 16. Bxf6 0-0 17. Bxd4 cxd4 18. Rxd4 Rfe8 19. f3 Ra7 20. Rxd6 f5 21. Bc4+ Kg7 22. gxf5 gxf5 23. Rg1+ Kf8 24. Rf6+ Ke7 25. Rf7+ Kd6 26. Rxa7 fxe4 27. fxe4 Rxe4 28. Bd3 Rh4 29. Rxh7 Ra4 30. Rg6+ Kc5 31. Rh5+ Kb4 32. Rg4# 1-0

[Event "St Leon Rot op"]
[Site "St Leon Rot"]
[Date "2011.12.27"]
[Round "2"]
[White "Pepi, Lucas"]
[Black "May, Juergen"]
[Result "0-1"]
[WhiteElo "961"]
[BlackElo "2023"]
[PlyCount "40"]
[EventDate "2011.12.27"]
[EventType "swiss"]
[EventRounds "7"]
[EventCountry "GER"]
[SourceTitle "CBM 146 Extra"]
[Source "ChessBase"]
[SourceDate "2012.02.29"]
[SourceVersion "1"]
[SourceVersionDate "2012.02.29"]
[SourceQuality "1"]

1. e4 c5 2. Nf3 e6 3. Nc3 a6 4. d4 cxd4 5. Nxd4 Qc7 6. Bd3 Nf6 7. 0-0 d6 8. Bg5 Nbd7 9. f4 Qb6 10. Bxf6 Nxf6 11. Bc4 e5 12. fxe5 Bg4 13. Nd5 Nxd5 14. Qxg4 Qxd4+ 15. Kh1 Qxc4 16. Qf3 Nb4 17. exd6 Bxd6 18. e5 Bxe5 19. Qxb7 0-0 20. Rae1 Nxc2 0-1

[Event "Rhein Main op 13th"]
[Site "Bad Homburg"]
[Date "2010.06.05"]
[Round "6"]
[White "May, Juergen"]
[Black "Haftmann, Rainer"]
[Result "0-1"]
[WhiteElo "2023"]
[BlackElo "1920"]
[PlyCount "106"]
[EventDate "2010.06.02"]
[EventType "swiss"]
[EventRounds "7"]
[EventCountry "GER"]
[SourceTitle "EXT 2011"]
[Source "ChessBase"]
[SourceDate "2010.11.26"]
[SourceVersion "1"]
[SourceVersionDate "2010.11.26"]
[SourceQuality "1"]

1. e4 e5 2. Nf3 Nc6 3. Bb5 a6 4. Ba4 Nf6 5. d4 exd4 6. 0-0 d6 7. Nxd4 Bd7 8. Nxc6 bxc6 9. Re1 Be7 10. c4 c5 11. Nc3 0-0 12. Bxd7 Qxd7 13. b3 Rfe8 14. Bb2 Qg4 15. Qd3 Nd7 16. Nd5 Rac8 17. Re3 Bf8 18. Rae1 c6 19. Rg3 Qe6 20. Nc3 Ne5 21. Qe2 Ng6 22. Qd2 Rcd8 23. Rd1 Be7 24. Re1 Bf6 25. Na4 Bxb2 26. Qxb2 f5 27. Rge3 f4 28. Rh3 Ne5 29. Rc3 Rf8 30. f3 Rf6 31. Qd2 Rg6 32. Nxc5 Qh3 33. Kh1 Qh4 34. Nd3 Nxd3 35. Rxd3 Rh6 36. h3 Re8 37. Re2 Ree6 38. Qe1 Qe7 39. Qb4 Qc7 40. c5 d5 41. Qd2 Qe5 42. Qa5 Rhg6 43. Rd1 Rg3 44. Qxa6 Qh5 45. Kh2 Qh4 46. exd5 Rxh3+ 47. gxh3 Qg3+ 48. Kh1 Qxh3+ 49. Rh2 Qxf3+ 50. Rg2 Qxd1+ 51. Rg1 Qf3+ 52. Rg2 Re1+ 53. Kh2 Qh5# 0-1

[Event "Rhein Main op 13th"]
[Site "Bad Homburg"]
[Date "2010.06.05"]
[Round "5"]
[White "Risius, Philipp"]
[Black "May, Juergen"]
[Result "1/2-1/2"]
[WhiteElo "1822"]
[BlackElo "2023"]
[PlyCount "52"]
[EventDate "2010.06.02"]
[EventType "swiss"]
[EventRounds "7"]
[EventCountry "GER"]
[SourceTitle "EXT 2011"]
[Source "ChessBase"]
[SourceDate "2010.11.26"]
[SourceVersion "1"]
[SourceVersionDate "2010.11.26"]
[SourceQuality "1"]

1. d4 Nf6 2. Nf3 d6 3. Bf4 Nbd7 4. Nbd2 g6 5. e3 Bg7 6. h3 0-0 7. Be2 b6 8. 0-0 Bb7 9. c3 Qe8 10. Qc2 e5 11. dxe5 dxe5 12. Bh2 Qe7 13. Rfd1 Rad8 14. Ne1 Nc5 15. b4 Ncd7 16. e4 Ne8 17. g4 Nd6 18. f3 f5 19. Bd3 Qg5 20. Ng2 Qf6 21. Rf1 Bh6 22. Nc4 fxe4 23. fxe4 Qe7 24. Qe2 Nf7 25. Bg3 Nf6 26. Bh4 Bg5 1/2-1/2

[Event "Neckar op-A 12th"]
[Site "Deizisau"]
[Date "2008.03.20"]
[Round "1"]
[White "May, Juergen"]
[Black "Naumann, Alexander"]
[Result "0-1"]
[WhiteElo "2118"]
[BlackElo "2541"]
[PlyCount "156"]
[EventDate "2008.03.20"]
[EventType "swiss"]
[EventRounds "9"]
[EventCountry "GER"]
[SourceTitle "CBM 123 Extra"]
[Source "ChessBase"]
[SourceDate "2008.05.06"]
[SourceVersion "1"]
[SourceVersionDate "2008.05.06"]
[SourceQuality "1"]

1. e4 c5 2. Nf3 d6 3. d4 cxd4 4. Nxd4 Nf6 5. Nc3 a6 6. f4 Qc7 7. Bd3 g6 8. 0-0 Bg7 9. Kh1 0-0 10. Nf3 b5 11. a3 Bb7 12. Qe1 Nbd7 13. Qh4 e5 14. fxe5 dxe5 15. Bh6 Nh5 16. Bxg7 Kxg7 17. Ng5 Ndf6 18. Rae1 Rae8 19. Re3 h6 20. Nh3 Qe7 21. Ref3 Nh7 22. Qxe7 Rxe7 23. g4 N5f6 24. Nf2 Ng5 25. Rg3 Ne6 26. h3 Rd8 27. Rf3 Rd6 28. Kh2 Nd7 29. Re3 Nf4 30. Kg3 Nc5 31. Rd1 Red7 32. Kh2 Rd8 33. Kg3 h5 34. Rd2 Rh8 35. Rd1 Rhd8 36. Kh2 Rd4 37. gxh5 Nxh5 38. Rg1 Nf4 39. Rgg3 Rh8 40. Rg1 Bc6 41. Rg5 Nce6 42. Rgg3 Rh5 43. Rg1 Rd8 44. Rgg3 Rdh8 45. Bf1 Nd4 46. Bd3 Nxd3 47. cxd3 f5 48. exf5 Nxf5 49. Nce4 Bxe4 50. Rxe4 Nxg3 51. Kxg3 Rd8 52. Re3 Rf5 53. Ng4 Rd5 54. Nf2 Kf7 55. Ne4 Rf1 56. Nf2 Ke6 57. Re2 Rd4 58. Re3 Rg1+ 59. Kh2 Rc1 60. Re2 a5 61. Ng4 Rc5 62. Nf2 b4 63. axb4 axb4 64. Kg3 b3 65. Re3 Rc2 66. Ng4 e4 67. dxe4 Rxb2 68. Rc3 Rxe4 69. Rc6+ Kf7 70. Kf3 Re6 71. Rc7+ Re7 72. Rc5 Rc2 73. Ne5+ Kg7 74. Rb5 b2 75. Kf4 Rf2+ 76. Kg3 Rf5 77. Rxb2 Rfxe5 78. Kg2 Re2+ 0-1

[Event "Baden-ch Seniors Young "]
[Site "Oberwinden"]
[Date "2007.04.14"]
[Round "9"]
[White "Gehrig, Bernd"]
[Black "May, Juergen"]
[Result "1/2-1/2"]
[WhiteElo "1688"]
[BlackElo "2116"]
[PlyCount "84"]
[EventDate "2007.04.06"]
[EventType "swiss"]
[EventRounds "9"]
[EventCountry "GER"]
[SourceTitle "CBM 117 Extra"]
[Source "ChessBase"]
[SourceDate "2007.05.09"]
[SourceVersion "1"]
[SourceVersionDate "2007.05.09"]
[SourceQuality "1"]

1. e4 Nf6 2. Nc3 d6 3. d4 g6 4. Nf3 Bg7 5. Bd3 0-0 6. 0-0 Nbd7 7. Bf4 Nh5 8. Be3 c5 9. Ne2 cxd4 10. Bxd4 Nhf6 11. e5 dxe5 12. Nxe5 Nb6 13. c3 Nfd5 14. Nc4 Nxc4 15. Bxc4 Nf6 16. Ng3 Qc7 17. Qb3 e5 18. Be3 b6 19. Rfe1 Bb7 20. Rad1 Rac8 21. Bf1 h5 22. Bg5 Kh8 23. Rd2 Nh7 24. Be3 f5 25. Red1 Rf7 26. Rd8+ Rxd8 27. Rxd8+ Bf8 28. Bc1 Kg7 29. Rd1 f4 30. Nh1 Ng5 31. Bc4 Rd7 32. Bd5 Ba6 33. Qc2 b5 34. b3 Nh7 35. Bb2 Nf6 36. Ba8 Bc5 37. c4 Rxd1+ 38. Qxd1 bxc4 39. bxc4 Bxc4 40. a3 Qb8 41. Qc2 Qd6 42. Qxc4 Bxa3 1/2-1/2

[Event "Baden-ch Seniors Young "]
[Site "Oberwinden"]
[Date "2007.04.13"]
[Round "8"]
[White "Reck, Bruno"]
[Black "May, Juergen"]
[Result "1/2-1/2"]
[WhiteElo "1872"]
[BlackElo "2116"]
[PlyCount "41"]
[EventDate "2007.04.06"]
[EventType "swiss"]
[EventRounds "9"]
[EventCountry "GER"]
[SourceTitle "CBM 117 Extra"]
[Source "ChessBase"]
[SourceDate "2007.05.09"]
[SourceVersion "1"]
[SourceVersionDate "2007.05.09"]
[SourceQuality "1"]

1. c4 e5 2. Nc3 d6 3. d3 g6 4. g3 Bg7 5. Bg2 f5 6. e3 Nf6 7. Nge2 0-0 8. 0-0 c6 9. f4 Be6 10. b3 Re8 11. Bd2 Nbd7 12. Qc2 Bf7 13. Rae1 Qc7 14. e4 fxe4 15. Nxe4 exf4 16. Bxf4 Nxe4 17. Bxe4 Nf6 18. Bf3 Qb6+ 19. Kg2 d5 20. Nc3 dxc4 21. dxc4 1/2-1/2

[Event "Baden-ch Seniors Young "]
[Site "Oberwinden"]
[Date "2007.04.08"]
[Round "3"]
[White "Fehrle, Rudolf"]
[Black "May, Juergen"]
[Result "0-1"]
[WhiteElo "1674"]
[BlackElo "2116"]
[PlyCount "82"]
[EventDate "2007.04.06"]
[EventType "swiss"]
[EventRounds "9"]
[EventCountry "GER"]
[SourceTitle "CBM 117 Extra"]
[Source "ChessBase"]
[SourceDate "2007.05.09"]
[SourceVersion "1"]
[SourceVersionDate "2007.05.09"]
[SourceQuality "1"]

1. e4 c5 2. Nc3 Nc6 3. g3 g6 4. Bg2 Bg7 5. d3 d6 6. f4 e6 7. Nf3 Nge7 8. 0-0 0-0 9. Be3 Nd4 10. Rb1 d5 11. Ne2 Nxf3+ 12. Bxf3 d4 13. Bd2 e5 14. Bg2 Qc7 15. h3 Be6 16. b3 f6 17. g4 b5 18. f5 Bf7 19. Qc1 Rac8 20. Kh2 c4 21. bxc4 bxc4 22. Qa3 c3 23. Be1 Rfd8 24. Bh4 Rd6 25. Rb5 g5 26. Bg3 Bf8 27. Rfb1 Nc6 28. Rb7 Qd8 29. Nc1 Rc7 30. Rxc7 Qxc7 31. Nb3 Rd8 32. Qc1 Bd6 33. h4 h6 34. hxg5 hxg5 35. Bf3 Kg7 36. Kg2 Qe7 37. Qd1 Ba3 38. Nc1 Bb2 39. Nb3 a5 40. Qe2 a4 41. Na1 Rh8 0-1